14 ways to die / Vincent Ralph.
Seventeen-year-old Jessica Simmons becomes the star of a YouTube reality series, and she uses her fame to catch her mother's murderer.
Record details
- ISBN: 9781728231860
- ISBN: 1728231868
- ISBN: 9781713745174
- ISBN: 1713745178
- Physical Description: 384 pages ; 21 cm
- Publisher: Naperville, Illinois : Sourcebooks Fire, [2021]
- Copyright: ©2021
Content descriptions
| General Note: | Originally published in the United Kingdom by Penguin Books, an imprint of Penguin Random House UK, in 2020 under title: Are you watching? |
| Target Audience Note: | Ages 14. Sourcebooks Fire. Grades 10-12. Sourcebooks Fire. |
Search for related items by subject
Available copies
- 1 of 1 copy available at scottsboropl.
Holds
- 0 current holds with 1 total copy.
Show Only Available Copies
| Location | Call Number / Copy Notes | Barcode | Shelving Location | Status | Due Date |
|---|---|---|---|---|---|
| scottsboropl | YA Ral | 32269001197428 | Young Adult - Fiction | Available | - |
| LDR | 03531cam a22008658i 4500 | ||
|---|---|---|---|
| 001 | 156475 | ||
| 003 | SBPL | ||
| 005 | 20210908151357.0 | ||
| 008 | 210112s2021 ilu d 000 f eng | ||
| 010 | . | ‡a 2021001025 | |
| 040 | . | ‡aDLC ‡beng ‡erda ‡cDLC ‡dBDX ‡dJBL ‡dOCLCF ‡dILC ‡dOCLCO ‡dJSZ ‡dTOH ‡dOCLCO ‡dTXG ‡dDEERP ‡dOCL ‡dJTH | |
| 019 | . | ‡a1251804800 ‡a1253366939 | |
| 020 | . | ‡a9781728231860 ‡q(trade paperback) | |
| 020 | . | ‡a1728231868 ‡q(trade paperback) | |
| 020 | . | ‡z9781728231877 ‡q(epub) | |
| 020 | . | ‡a9781713745174 ‡q(Follett bdg.) | |
| 020 | . | ‡a1713745178 ‡q(Follett bdg.) | |
| 035 | . | ‡a(OCoLC)1232014157 ‡z(OCoLC)1251804800 ‡z(OCoLC)1253366939 | |
| 042 | . | ‡apcc ‡alcac | |
| 050 | 0 | 0. | ‡aPZ7.1.R3487 ‡bAak 2021 |
| 082 | 0 | 0. | ‡a[Fic] ‡223 |
| 100 | 1 | . | ‡aRalph, Vincent, ‡eauthor. |
| 240 | 1 | 0. | ‡aAre you watching? |
| 245 | 1 | 0. | ‡a14 ways to die / ‡cVincent Ralph. |
| 246 | 1 | . | ‡aFourteen ways to die |
| 263 | . | ‡a2106 | |
| 264 | 1. | ‡aNaperville, Illinois : ‡bSourcebooks Fire, ‡c[2021] | |
| 264 | 4. | ‡c©2021 | |
| 300 | . | ‡a384 pages ; ‡c21 cm | |
| 336 | . | ‡atext ‡btxt ‡2rdacontent | |
| 337 | . | ‡aunmediated ‡bn ‡2rdamedia | |
| 338 | . | ‡avolume ‡bnc ‡2rdacarrier | |
| 385 | . | ‡mAge group ‡aEarly Adolescents ‡2ericd | |
| 500 | . | ‡aOriginally published in the United Kingdom by Penguin Books, an imprint of Penguin Random House UK, in 2020 under title: Are you watching? | |
| 521 | . | ‡aAges 14. ‡bSourcebooks Fire. | |
| 521 | . | ‡aGrades 10-12. ‡bSourcebooks Fire. | |
| 520 | . | ‡aSeventeen-year-old Jessica Simmons becomes the star of a YouTube reality series, and she uses her fame to catch her mother's murderer. | |
| 650 | 0. | ‡aSocial media ‡vJuvenile fiction. | |
| 650 | 0. | ‡aSerial murderers ‡vJuvenile fiction. | |
| 650 | 0. | ‡aGrief ‡vJuvenile fiction. | |
| 650 | 0. | ‡aJustice ‡vJuvenile fiction. | |
| 630 | 0 | 0. | ‡aYouTube (Electronic resource) ‡vJuvenile fiction. |
| 650 | 1. | ‡aSocial media ‡vFiction. | |
| 650 | 1. | ‡aSerial murderers ‡vFiction. | |
| 650 | 1. | ‡aGrief ‡vFiction. | |
| 650 | 1. | ‡aJustice ‡vFiction. | |
| 630 | 0 | 1. | ‡aYouTube (Electronic resource) ‡vFiction. |
| 650 | 1. | ‡aSuspense fiction. | |
| 650 | 7. | ‡aJUVENILE FICTION / General. ‡2bisacsh | |
| 630 | 0 | 7. | ‡aYouTube (Electronic resource) ‡2fast ‡0(OCoLC)fst01796568 |
| 650 | 7. | ‡aGrief. ‡2fast ‡0(OCoLC)fst00947883 | |
| 650 | 7. | ‡aJustice. ‡2fast ‡0(OCoLC)fst00985122 | |
| 650 | 7. | ‡aSerial murderers. ‡2fast ‡0(OCoLC)fst01113110 | |
| 650 | 7. | ‡aSocial media. ‡2fast ‡0(OCoLC)fst01741098 | |
| 650 | 7. | ‡aSocial media ‡vFiction. ‡2sears | |
| 650 | 7. | ‡aSerial killers ‡vFiction. ‡2sears | |
| 650 | 7. | ‡aGrief ‡vFiction. ‡2sears | |
| 650 | 7. | ‡aJustice ‡vFiction. ‡2sears | |
| 630 | 0 | 7. | ‡aYouTube (Electronic resource) ‡vFiction. ‡2sears |
| 655 | 7. | ‡aYoung adult works. ‡2fast ‡0(OCoLC)fst01726790 | |
| 655 | 7. | ‡aNovels. ‡2fast ‡0(OCoLC)fst01921742 | |
| 655 | 0. | ‡aYoung adult fiction. | |
| 655 | 7. | ‡aDetective and mystery fiction. ‡2fast ‡0(OCoLC)fst01726581 | |
| 655 | 7. | ‡aFiction. ‡2fast ‡0(OCoLC)fst01423787 | |
| 655 | 7. | ‡aJuvenile works. ‡2fast ‡0(OCoLC)fst01411637 | |
| 655 | 7. | ‡aThrillers (Fiction) ‡2fast ‡0(OCoLC)fst01726755 | |
| 655 | 7. | ‡aThrillers (Fiction) ‡2gsafd | |
| 655 | 7. | ‡aDetective and mystery fiction. ‡2gsafd | |
| 655 | 7. | ‡aDetective and mystery fiction. ‡2lcgft | |
| 655 | 7. | ‡aThrillers (Fiction) ‡2lcgft | |
| 655 | 7. | ‡aNovels. ‡2lcgft | |
| 776 | 0 | 8. | ‡iOnline version: ‡aRalph, Vincent. ‡t14 ways to die. ‡dNaperville, Illinois : Sourcebooks Fire, [2021] ‡z9781728231877 ‡w(DLC) 2021001026 |
| 938 | . | ‡aBrodart ‡bBROD ‡n126897972 | |
| 994 | . | ‡aZ0 ‡bMWL | |
| 948 | . | ‡hNO HOLDINGS IN MWL - 236 OTHER HOLDINGS | |
| 901 | . | ‡a156475 ‡b ‡c156475 ‡tbiblio | |